| 000 | 00882nam a22002897a 4500 | ||
|---|---|---|---|
| 001 | BR2013002698 | ||
| 003 | BR-BrBNA | ||
| 005 | 20230928104155.0 | ||
| 007 | ta | ||
| 008 | 230509b bl.||||| |||| 00| 0 por d | ||
| 040 |
_aBR-BrBNA _bpor _cBiblioteca Nacional de Agricultura |
||
| 041 | _a(Por) | ||
| 072 | _aE14; E70 | ||
| 090 | _ E14 BR2013002698 | ||
| 100 | 1 | _aLima, I.R. | |
| 110 | 1 |
_aUniversidade Federal de Lavras, MG (Brasil) _0Tese (Mestrado) |
|
| 245 | 1 | _aSistemas inteligentes para auxiliar na tomada de decisões em mercado de capitais | |
| 260 | 3 |
_aLavras, MG (Brasil): _c2012. |
|
| 300 | _a189 p. | ||
| 500 | _aSummaries (Eng, Por); Bibliography p. 179-189; 21 tables; 99 illus. | ||
| 650 | _aMERCADO | ||
| 650 | _aTOMADA DE DECISÃO | ||
| 650 | _aCOMPUTADOR | ||
| 650 | _aANÁLISE COMPARATIVA | ||
| 909 |
_a202309 _bLucia _c55 _dLucia Elande |
||
| 942 | _cBK | ||
| 999 |
_c78509 _d78509 |
||